Orquídeas del departamento del Cauca, II. (Registro nro. 16087)

Detalles MARC
000 -CABECERA
Campo de control 003410000a22001090004500
090 ## - CLASIFICACIÓN LOCAL
Colección AS
Consecutivo Seriadas
041 0# - IDIOMA
Código de idioma para texto/pista de sonido o título separado
100 1# - ASIENTO PRINCIPAL--NOMBRE PERSONAL
Nombre personal Fernández Pérez, Alvaro
245 10 - MENCION DE TITULO
Título Orquídeas del departamento del Cauca, II.
Version registros en el Parque Nacional de Muchique
773 1# - Item fuente:
Título Novedades Colombianas
Descripción física 6
Paginas del Articulo 15-29
Lugar, editorial y fecha de publicación 1994
942 ## - ELEMENTOS ADICIONALES (KOHA)
Tipo de ítem Artículo

No hay ítems disponibles.